000 00675nam a2200289Ia 4500
005 20260324150321.0
008 008 260324s9999 xx 000 0 eng d
020 _a9781003168492
037 _aEBOOK
040 _aCRL
040 _beng
040 _cCRL
041 _2eng
041 _aeng
084 _qCRL
100 _aC.H. Dobinson
_91226007
245 0 _aJean-Jacques Rousseau
245 0 _bHis Thought and its Relevance Today
260 _bTaylor and Francis
260 _c1969
365 _a
365 _b150
856 _uhttp://www.taylorfrancis.com/books/9781003168492
942 _cEBOOK
999 _c1835248
_d1835248